MARC

LEADER 00000nam0a2200000 4500
001 131914
005 20231031134639.0
010 |a 5247012852 
020 |a RU  |b 91-58867 
035 |a (RuTPU)RU\TPU\book\142849 
090 |a 131914 
100 |a 20080225d1991 k a0rusy5003 ca 
101 0 |a rus 
102 |a RU 
105 |a a z 001zy 
200 1 |a Прогнозирование и поиски месторождений горнотехнического сырья 
210 |a Москва  |c Недра  |d 1991 
215 |a 223 с.  |c ил. 
320 |a Библиогр.: с. 219-222. 
610 1 |a неметаллические полезные ископаемые 
610 1 |a геология 
610 1 |a поиски 
610 1 |a прогнозирование 
610 1 |a асбест 
610 1 |a барит 
610 1 |a графит 
610 1 |a магнезиты 
610 1 |a мусковит 
610 1 |a тальк 
610 1 |a шунгиты 
610 1 |a глины 
610 1 |a плавиковый шпат 
675 |a 553.6:550.8  |v 3 
801 0 |a RU  |b RuMRKP  |c 19950417  |g psbo 
801 1 |a RU  |b 63413507  |c 20080225  |g PSBO 
801 2 |a RU  |b 63413507  |c 20090325  |g PSBO 
942 |c BK